00638cam a22002171 4500001000800000005001700008008004100025010001700066040002200083041000800105080000800113082001200121100000700133101000800140245006100148504002600209906004500235942001200280999001700292952011100309453247220180301042306.0840830s1964 enk b 000 0 eng  a 65009212  aDLC/ICUcICUdDLC aeng a941 2941 KEA1 a16 aHIS10aOrigins of the scientific revolutionc[by] Hugh Kearney. aBibliography: p. 156. a7bcbccorignewdueocipf19gy-gencatlg 2ddccBK c43788d43788 00102udc40708PËKGa002b002cPËKGd2018-03-01l0o941 KEAp002-3000159r2018-03-01w2018-03-01yBK